You can be happily married /

Bibliographic Details
Main Author: Appelhof, Gilbert, 1899-1987
Format: Book
Language:English
Published: New York : The Macmillan company, [1941]
Subjects:

MARC

Tag First Indicator Second Indicator Subfields
LEADER 00000cam a2200000 4500
001 in00000057431
005 20151007082120.0
008 750929s1941 nyu b 00010 eng
010 |a  41007207  
035 |a (OCoLC)01662569 
035 |9 AAF7392AM 
040 |a DLC  |c DZM  |d TXA  |d UtOrBLW 
049 |a TXAM  |c [145589] 
050 0 0 |a HQ734  |b .A59 
092 |a 173.1  |b A646y 
100 1 |a Appelhof, Gilbert,  |d 1899-1987. 
245 1 0 |a You can be happily married /  |c by Gilbert Appelhof, jr. 
264 1 |a New York :  |b The Macmillan company,  |c [1941] 
264 4 |c [©1941] 
300 |a xii pages, 1 leaf, 218 pages ;  |c 21 cm. 
336 |a text  |b txt  |2 rdacontent 
337 |a unmediated  |b n  |2 rdamedia 
338 |a volume  |b nc  |2 rdacarrier 
500 |a "First printing." 
504 |a Bibliography: pages 203-212. 
650 0 |a Marriage. 
999 |a MARS 
999 f f |s db4ffc9d-d698-37f7-bb4c-c7622b9340b2  |i 9138848a-2453-3e09-9014-069dbe1ac1ad  |t 0 
952 f f |p ric  |a Texas A&M University  |b Rellis Campus  |c Joint Library Facility  |d Remote Storage  |t 0  |e HQ734 .A59  |h Library of Congress classification  |i unmediated -- volume  |m A14800535222 
998 f f |a HQ734 .A59  |t 0  |l Remote Storage